|
|
|
|
| LEADER |
01924pam a22004818a 4500 |
| 001 |
00032861 |
| 005 |
20171026081023.0 |
| 008 |
141205s2014 ||||||viesd |
| 020 |
# |
# |
|c 80000
|a 9786047320899
|
| 041 |
0 |
# |
|a vie
|
| 082 |
1 |
4 |
|a 306.095 97
|b V115H
|
| 245 |
1 |
0 |
|c A. Terry Rambo, Lương Văn Hy, Shaun Malarney, Shaun Malarney, Heonik Kwon, Tine Gammeltoft ;Phan Ngọc Chiến, Ngô Thị Ngân Bình (dịch); Lương Văn Hy, Trương Huyền Chi (h.đ)
|b Những cách tiếp cận nhân học
|a Văn hóa, môi trường, lễ nghi và sức khỏe ở Việt Nam
|
| 260 |
# |
# |
|a T.P. Hồ Chí Minh
|b Đại học Quốc gia T.P. Hồ Chí Minh
|c 2014
|
| 300 |
# |
# |
|a 224 tr.
|c 24 cm.
|
| 500 |
# |
# |
|a ĐTTS ghi: Đại học Quốc gia thành phố Hồ Chí Minh. Trường đại học Khoa học Xã hội và Nhân văn. Khoa Nhân học
|
| 504 |
# |
# |
|a Thư mục cuối mỗi bài
|
| 653 |
# |
# |
|a Nhân học
|
| 653 |
# |
# |
|a Nghiên cứu
|
| 653 |
# |
# |
|a Môi trường
|
| 653 |
# |
# |
|a Lễ nghi
|
| 653 |
# |
# |
|a Phong tục
|
| 653 |
# |
# |
|a Văn hóa
|
| 653 |
# |
# |
|a Việt Nam
|
| 700 |
1 |
# |
|a Gammeltoft, Tine
|e Tác giả
|
| 700 |
1 |
# |
|a Kwon, Heonik
|e Tác giả
|
| 700 |
1 |
# |
|a Lương, Văn Hy
|e Tác giả, hiệu đính
|
| 700 |
1 |
# |
|a Malarney, Shaun
|e Tác giả
|
| 700 |
1 |
# |
|a Ngô, Thị Ngân Bình
|e Dịch
|
| 700 |
1 |
# |
|a Phan, Ngọc Chiến
|e Dịch
|
| 700 |
1 |
# |
|a Rambo, A. Terry
|e Tác giả
|
| 700 |
1 |
# |
|a Trương, Huyền Chi
|e Hiệu đính
|
| 852 |
# |
# |
|b Kho mượn
|j KM.0017535, KM.0017536
|
| 852 |
# |
# |
|j KD.0016397
|b Kho đọc
|
| 852 |
# |
# |
|j KM.0017536
|j KD.0016397
|j KM.0017535
|
| 910 |
|
|
|d 5/12/2012
|
| 980 |
# |
# |
|a Trung tâm Học liệu Lê Vũ Hùng, Trường Đại học Đồng Tháp
|